000 00304nam a22001337a 4500
008 170810b xxu||||| |||| 00| 0 eng d
020 _a9783890113159
041 _ager
080 _a004
100 _a35
101 _aSHK
245 _aDATA GROBE BUCH ZU MS-DOS/PC-DOS 4.0
_cSCHIEB,J
942 _2udc
_cBK
999 _c23177
_d23177